header

Kernels for structured data (Record no. 29806)

MARC details
000 -LEADER
fixed length control field 01253nam a2200325Ia 4500
082 04 - DEWEY DECIMAL CLASSIFICATION NUMBER
Classification number 006.31
100 1# - MAIN ENTRY--AUTHOR NAME
Personal name Gartner, Thomas.
245 10 - TITLE STATEMENT
Title Kernels for structured data
260 ## - PUBLICATION, DISTRIBUTION, ETC. (IMPRINT)
Place of publication Singapore ;
-- Hackensack, NJ :
Name of publisher World Scientific,
Year of publication c2008.
300 ## - PHYSICAL DESCRIPTION
Number of Pages xvii, 197 p. :
Other physical details ill.
490 0# - SERIES STATEMENT
Series statement Series in machine perception and artificial intelligence ;
650 #0 - SUBJECT ADDED ENTRY--TOPICAL TERM
Topical Term Machine learning.
Topical Term Kernel functions.
856 40 - ELECTRONIC LOCATION AND ACCESS
Uniform Resource Identifier http://site.ebrary.com/lib/rucke/Doc?id=10688106

No items available.

© 2026 Rongo University
Contact us: librarian | system librarian | Rongo university